| 000 | 00433nab a2200145Ia 4500 | ||
|---|---|---|---|
| 003 | ES-SlBCS | ||
| 005 | 20210601134651.0 | ||
| 008 | 140529s1978 xxu||||| |||| 00| 0 spa d | ||
| 041 | _aspa | ||
| 100 | 1 |
_aCaparrós, Antonio _926974 |
|
| 245 | 0 | 0 |
_aLa Psicología, ciencia multiparadigmática _c Antonio Caparrós |
| 650 | 0 | 4 |
_aPsicología _944875 |
| 773 | 0 |
_tAnuario de Psicologia _gnº. 19, 1978, págs. 79-110 _wRev1509 |
|
| 942 | _cAR | ||
| 999 |
_c616134 _d616134 |
||